000 00222nam a2200097Ia 4500
008 190216s9999||||xx |||||||||||||| ||und||
100 _aSwain J E
245 2 _aA History Of World Civilization
260 _bNull
942 _cBK
999 _c18684
_d18684